Equidad intergeneracional en el Brasil (Registro nro. 33373)

Detalles MARC
000 -LEADER
fixed length control field 00402 a2200133 4500
001 - CONTROL NUMBER
control field ART_44814
005 - DATE AND TIME OF LATEST TRANSACTION
control field 20260410162024.0
008 - FIXED-LENGTH DATA ELEMENTS--GENERAL INFORMATION
fixed length control field 260409a
100 1# - MAIN ENTRY--PERSONAL NAME
Personal name Araujo, Tatiana
245 10 - TITLE STATEMENT
Title Equidad intergeneracional en el Brasil
700 1# - ADDED ENTRY--PERSONAL NAME
Personal name Turra, Cassio M.
700 1# - ADDED ENTRY--PERSONAL NAME
Personal name Queiroz, Bernardo L.
773 0# - HOST ITEM ENTRY
Title Notas de población
Related parts - Año XXXVII, Nº 90 (ene./jun. 2010)
Record control number REV41841

No hay ítems disponibles.